Loading...
| Fine Arts - Classical Music and Opera | 6 | 4 | 1 | 0 | 125 | 45 | 74.20 | 2 | 6 | 38.19 | 60.44 |
| Fine Arts - Other Arts | 4 | 1 | 1 | 0 | 65 | 17 | 66.40 | 1 | 4 | 22.20 | 32.15 |
| Literature - American | 0 | 3 | 0 | 0 | 30 | 74 | 114.33 | 1 | 2 | 6.79 | 19.87 |
| Literature - World | 1 | 1 | 0 | 0 | 25 | 45 | 79.00 | 1 | 2 | 7.66 | 14.36 |
| Social Science | 0 | 2 | 0 | 0 | 20 | 90 | 105.50 | 0 | 1 | 4.02 | 11.72 |
| Literature - British | 0 | 2 | 0 | 0 | 20 | 93 | 96.00 | 0 | 1 | 8.39 | 19.05 |
| Literature - European | 0 | 2 | 0 | 0 | 20 | 113 | 114.00 | 1 | 2 | 3.45 | 14.36 |
| Philosophy | 0 | 2 | 0 | 0 | 20 | 97 | 109.50 | 0 | 2 | 3.77 | 13.85 |
| Other Academic | 1 | 0 | 0 | 0 | 15 | 87 | 87.00 | 0 | 1 | 6.11 | 13.10 |
| Fine Arts - Painting and Sculpture | 0 | 2 | 1 | 1 | 15 | 103 | 131.50 | 0 | 0 | 2.49 | 6.23 |
| History - European | 0 | 1 | 0 | 0 | 10 | 138 | 138.00 | 0 | 0 | 0.89 | 5.13 |
| History - World | 0 | 1 | 0 | 1 | 10 | 142 | 142.00 | 0 | 1 | -0.05 | 1.28 |
| Other Culture | 0 | 1 | 0 | 0 | 10 | 119 | 119.00 | 0 | 0 | 6.29 | 10.42 |